| 000 -LEADER |
| fixed length control field |
02450cas a2200625 i 4500 |
| 001 - CONTROL NUMBER |
| control field |
19428755 |
| 003 - CONTROL NUMBER IDENTIFIER |
| control field |
NUST |
| 005 - DATE AND TIME OF LATEST TRANSACTION |
| control field |
20200229153216.0 |
| 008 - FIXED-LENGTH DATA ELEMENTS--GENERAL INFORMATION |
| fixed length control field |
170103c20159999pk fr p | 0eng |
| 010 ## - LIBRARY OF CONGRESS CONTROL NUMBER |
| LC control number |
2016348108 |
| 022 ## - INTERNATIONAL STANDARD SERIAL NUMBER |
| International Standard Serial Number |
2414-4762 |
| ISSN-L |
2414-4762 |
| 035 ## - SYSTEM CONTROL NUMBER |
| System control number |
(OCoLC)ocn967507489 |
| 038 ## - RECORD CONTENT LICENSOR |
| Staff Name |
Atta |
| 040 ## - CATALOGING SOURCE |
| Original cataloging agency |
DLC |
| Language of cataloging |
eng |
| Description conventions |
rda |
| Transcribing agency |
DLC |
| Modifying agency |
DLC |
| -- |
OCLCF |
| -- |
OCLCA |
| -- |
HLS |
| 042 ## - AUTHENTICATION CODE |
| Authentication code |
pcc |
| 043 ## - GEOGRAPHIC AREA CODE |
| Geographic area code |
az----- |
| -- |
as----- |
| -- |
a-pk--- |
| 050 00 - LIBRARY OF CONGRESS CALL NUMBER |
| Classification number |
JZ6009.S64 |
| Item number |
J687 |
| 082 ## - DEWEY DECIMAL CLASSIFICATION NUMBER |
| Classification number |
Vol- |
| 222 #0 - KEY TITLE |
| Key title |
Journal of security and strategic analysis |
| 245 00 - TITLE STATEMENT |
| Title |
Journal of security and strategic analyses. |
| 246 13 - VARYING FORM OF TITLE |
| Title proper/short title |
JSSA |
| 246 13 - VARYING FORM OF TITLE |
| Title proper/short title |
SVI journal |
| 264 #1 - PRODUCTION, PUBLICATION, DISTRIBUTION, MANUFACTURE, AND COPYRIGHT NOTICE |
| Place of production, publication, distribution, manufacture |
Islamabad : |
| Name of producer, publisher, distributor, manufacturer |
Strategic Vision Institute |
| 300 ## - PHYSICAL DESCRIPTION |
| Extent |
volumes; |
| Dimensions |
24 cm |
| 310 ## - CURRENT PUBLICATION FREQUENCY |
| Current publication frequency |
Semiannual |
| 336 ## - CONTENT TYPE |
| Content type term |
text |
| Content type code |
txt |
| Source |
rdacontent |
| 337 ## - MEDIA TYPE |
| Media type term |
unmediated |
| Media type code |
n |
| Source |
rdamedia |
| 338 ## - CARRIER TYPE |
| Carrier type term |
volume |
| Carrier type code |
nc |
| Source |
rdacarrier |
| 362 1# - DATES OF PUBLICATION AND/OR SEQUENTIAL DESIGNATION |
| Dates of publication and/or sequential designation |
Began with: Volume 1, number 1 (winter 2015). |
| 530 ## - ADDITIONAL PHYSICAL FORM AVAILABLE NOTE |
| Additional physical form available note |
Also available via the World Wide Web. |
| 588 ## - SOURCE OF DESCRIPTION NOTE |
| Source of description note |
Description based on: Volume 2, number 1 (summer 2016); title from title page. |
| 588 ## - SOURCE OF DESCRIPTION NOTE |
| Source of description note |
Latest issue consulted: Volume 4, number 1 (summer 2018). |
| 590 ## - LOCAL NOTE (RLIN) |
| Local note |
Acquired via LC overseas office. Islamabad Field Office. Most recent issues may not yet be available in LC Washington. |
| 650 #0 - SUBJECT ADDED ENTRY--TOPICAL TERM |
| Topical term or geographic name entry element |
Security, International |
| Geographic subdivision |
South Asia. |
| 9 (RLIN) |
28672 |
| 650 #0 - SUBJECT ADDED ENTRY--TOPICAL TERM |
| Topical term or geographic name entry element |
Security, International |
| Geographic subdivision |
Southeast Asia. |
| 9 (RLIN) |
28673 |
| 650 #0 - SUBJECT ADDED ENTRY--TOPICAL TERM |
| Topical term or geographic name entry element |
Security, International |
| Geographic subdivision |
Pakistan. |
| 9 (RLIN) |
28674 |
| 650 #0 - SUBJECT ADDED ENTRY--TOPICAL TERM |
| Topical term or geographic name entry element |
Security, International. |
| 9 (RLIN) |
2184 |
| 650 #0 - SUBJECT ADDED ENTRY--TOPICAL TERM |
| Topical term or geographic name entry element |
Strategic planning |
| Geographic subdivision |
South Asia. |
| 9 (RLIN) |
28675 |
| 650 #0 - SUBJECT ADDED ENTRY--TOPICAL TERM |
| Topical term or geographic name entry element |
Strategic planning |
| Geographic subdivision |
Southeast Asia. |
| 9 (RLIN) |
28676 |
| 650 #0 - SUBJECT ADDED ENTRY--TOPICAL TERM |
| Topical term or geographic name entry element |
Strategic planning |
| Geographic subdivision |
Pakistan. |
| 9 (RLIN) |
28677 |
| 650 #7 - SUBJECT ADDED ENTRY--TOPICAL TERM |
| Topical term or geographic name entry element |
Diplomatic relations. |
| Source of heading or term |
fast |
| Authority record control number or standard number |
(OCoLC)fst01907412 |
| 9 (RLIN) |
6585 |
| 650 #7 - SUBJECT ADDED ENTRY--TOPICAL TERM |
| Topical term or geographic name entry element |
Security, International. |
| Source of heading or term |
fast |
| Authority record control number or standard number |
(OCoLC)fst01110895 |
| 9 (RLIN) |
2184 |
| 650 #7 - SUBJECT ADDED ENTRY--TOPICAL TERM |
| Topical term or geographic name entry element |
Strategic planning. |
| Source of heading or term |
fast |
| Authority record control number or standard number |
(OCoLC)fst01134371 |
| 9 (RLIN) |
12267 |
| 651 #0 - SUBJECT ADDED ENTRY--GEOGRAPHIC NAME |
| Geographic name |
South Asia |
| General subdivision |
Foreign relations. |
| 9 (RLIN) |
28678 |
| 651 #0 - SUBJECT ADDED ENTRY--GEOGRAPHIC NAME |
| Geographic name |
Southeast Asia |
| General subdivision |
Foreign relations. |
| 9 (RLIN) |
28679 |
| 651 #0 - SUBJECT ADDED ENTRY--GEOGRAPHIC NAME |
| Geographic name |
Pakistan |
| General subdivision |
Foreign relations. |
| 9 (RLIN) |
3050 |
| 651 #7 - SUBJECT ADDED ENTRY--GEOGRAPHIC NAME |
| Geographic name |
Pakistan. |
| Source of heading or term |
fast |
| Authority record control number or standard number |
(OCoLC)fst01210275 |
| 9 (RLIN) |
28680 |
| 651 #7 - SUBJECT ADDED ENTRY--GEOGRAPHIC NAME |
| Geographic name |
South Asia. |
| Source of heading or term |
fast |
| Authority record control number or standard number |
(OCoLC)fst01244520 |
| 9 (RLIN) |
28681 |
| 651 #7 - SUBJECT ADDED ENTRY--GEOGRAPHIC NAME |
| Geographic name |
Southeast Asia. |
| Source of heading or term |
fast |
| Authority record control number or standard number |
(OCoLC)fst01240499 |
| 9 (RLIN) |
28682 |
| 710 2# - ADDED ENTRY--CORPORATE NAME |
| Corporate name or jurisdiction name as entry element |
Strategic Vision Institute. |
| 9 (RLIN) |
28683 |
| 906 ## - LOCAL DATA ELEMENT F, LDF (RLIN) |
| a |
7 |
| b |
cbc |
| c |
serorig |
| d |
3 |
| e |
ncip |
| f |
20 |
| g |
n-oclcserc |
| 942 ## - ADDED ENTRY ELEMENTS (KOHA) |
| Source of classification or shelving scheme |
|
| Koha item type |
Continuing Resources |